MARC

LEADER 00000nam0a2200000 4500
001 111110
005 20231031120708.0
020 |a RU  |b 85-88823 
035 |a (RuTPU)RU\TPU\book\119996 
090 |a 111110 
100 |a 20070312d1985 km y0rusy5003 ca 
101 0 |a rus 
102 |a RU 
105 |a a z 001zy 
200 1 |a Организация радиотехнического обеспечения в системе УВД. Рациональное оснащение районных центров  |f В. И. Дубровский, Г. А. Крыжановский, В. А. Солодухин 
210 |a Москва  |c Транспорт  |d 1985 
215 |a 164 с.  |c ил. 
610 1 |a воздушный флот гражданский 
610 1 |a радионавигационные системы 
610 1 |a УВД 
610 1 |a районы 
610 1 |a радиотехническое оборудование 
610 1 |a рационализация 
610 1 |a рациональное размещение 
610 1 |a задачи 
610 1 |a решение 
610 1 |a оптимизация 
610 1 |a алгоритмы 
610 1 |a техническое обслуживание 
610 1 |a контроль 
610 1 |a ремонт 
675 |a 656.7.052:621.396.933  |z rus 
700 1 |a Дубровский  |b В. И.  |g Виктор Иванович  |4 070 
701 1 |a Крыжановский  |b Г. А.  |g Георгий Алексеевич  |4 070 
701 1 |a Солодухин  |b В. А.  |g Виктор Александрович  |4 070 
801 0 |a RU  |b RuMRKP  |c 19950704  |g psbo 
801 1 |a RU  |b 63413507  |c 20070312  |g PSBO 
801 2 |a RU  |b 63413507  |c 20080917  |g PSBO 
942 |c BK